सामान्य बुध्दि एवं तर्कशक्ति परीक्षण / (Record no. 152999)
[ view plain ]
| 000 -LEADER | |
|---|---|
| fixed length control field | 00959nam a22002057a 4500 |
| 005 - DATE AND TIME OF LATEST TRANSACTION | |
| control field | 20180627115533.0 |
| 010 ## - LCCN (DPL NO) | |
| LC control number | HIN-114351 |
| 020 ## - INTERNATIONAL STANDARD BOOK NUMBER | |
| International Standard Book Number | 9789352832491 |
| Terms of availability | 225.00 |
| 035 ## - SYSTEM CONTROL NUMBER | |
| System control number | HN-86697 |
| 037 ## - SOURCE OF ACQUISITION | |
| Source of stock number/acquisition | DBAD/PUB |
| 082 ## - DEWEY DECIMAL CLASSIFICATION NUMBER | |
| Classification number | 000 |
| Edition number | 2ed, |
| 100 ## - MAIN ENTRY--PERSONAL NAME | |
| Personal name | श्रीवास्तव,विजय शंकर |
| 245 ## - TITLE STATEMENT | |
| Title | सामान्य बुध्दि एवं तर्कशक्ति परीक्षण / |
| Statement of responsibility, etc | विजय शंकर श्रीवास्तव |
| 246 ## - VARYING FORM OF TITLE | |
| Title proper/short title | Samnya Budhi Avam TarkShakti Perchd / |
| 260 ## - PUBLICATION, DISTRIBUTION, ETC. (IMPRINT) | |
| Place of publication, distribution, etc | नई दिल्ली |
| Name of publisher, distributor, etc | एस चन्द एण्ड कम्पनी |
| Date of publication, distribution, etc | 2018 |
| 270 ## - ADDRESS | |
| City | नई दिल्ली |
| Address | 7361,राम नगर,कुतुब रोड, |
| Postal code | 110055 |
| Electronic mail address | wwwshandpublishing.com |
| 300 ## - PHYSICAL DESCRIPTION | |
| Extent | 440पृ. |
| Dimensions | 26से.मी.(अजिल्द) |
| Other physical details | सचित्र |
| 490 ## - SERIES STATEMENT | |
| Series statement | Exam success series |
| 942 ## - ADDED ENTRY ELEMENTS (KOHA) | |
| Source of classification or shelving scheme | Dewey Decimal Classification |
| Item type | Hindi Books |
| Classification part | 000 |
| Call number suffix | श्रीवास्त |
| Withdrawn status | Lost status | Not for loan | Collection code | Home library | Current library | Date acquired | Source of acquisition | Cost, normal purchase price | Full call number | Barcode | Copy number | Cost, replacement price | Koha item type |
|---|---|---|---|---|---|---|---|---|---|---|---|---|---|
| Not For Loan | Non-fiction | D.B.Act.Division | Bawana | 22/06/2018 | DBAD/PUB | 225.00 | 000 श्रीवास्त | HN-86697 | 1 | 225.00 | Hindi Books |
